书目信息 |
| 题名: |
冰鉴全编
|
|
| 作者: | 曾国藩 著 ;蔡贱 主编 | |
| 分册: | ||
| 出版信息: | 北京 海潮出版社 2016 |
|
| 页数: | 307页 | |
| 开本: | 24cm | |
| 丛书名: | 读书人典藏书系 | |
| 单 册: | ||
| 中图分类: | C96-092 , C96 | |
| 科图分类: | ||
| 主题词: | 人才学--中国--清代 | |
| 电子资源: | ||
| ISBN: | 978-7-5157-0878-2 | |
| 000 | 00723oam2 2200253 450 | |
| 001 | 2370559649 | |
| 005 | 20231209211940.83 | |
| 010 | @a978-7-5157-0878-2@dCNY39.80 | |
| 100 | @a20170427d2016 em y0chiy50 ea | |
| 101 | 0 | @achi |
| 102 | @aCN@b110000 | |
| 105 | @aa z 000yy | |
| 200 | 1 | @a冰鉴全编@Abing jian quan bian@f(清)曾国藩著@g蔡贱主编 |
| 210 | @a北京@c海潮出版社@d2016 | |
| 215 | @a307页@c图@d24cm | |
| 225 | 2 | @a读书人典藏书系 |
| 410 | 0 | @12001 @a读书人典藏书系 |
| 606 | 0 | @a人才学@y中国@z清代 |
| 690 | @aC96-092@v5 | |
| 690 | @aC96@v4 | |
| 701 | 0 | @c(清)@a曾国藩@Azeng guo fan@4著 |
| 702 | 0 | @a蔡贱@Acai jian@4主编 |
| 801 | 0 | @aCN@b大连网信软件有限公司图书馆·11@c20231016 |
| 905 | @aZUCC@dC96@e16 | |
| 冰鉴全编/(清)曾国藩著/蔡贱主编.-北京:海潮出版社,2016 |
| 307页:图;24cm.-(读书人典藏书系) |
| ISBN 978-7-5157-0878-2:CNY39.80 |
| ● |
| 相关链接 |
|
|
|
正题名:冰鉴全编
索取号:C96/16
 
预约/预借
| 序号 | 登录号 | 条形码 | 馆藏地/架位号 | 状态 | 备注 |
| 1 | 2001057183 | 2001057183 | 315书库/四4架A面2层4列/ [索取号:C96/16] | 在馆 | |
| 2 | 2001057184 | 2001057184 | 315书库/四4架A面2层4列/ [索取号:C96/16] | 在馆 | |
| 3 | 2001057185 | 2001057185 | 315书库/四4架A面2层4列/ [索取号:C96/16] | 在馆 | |
| 4 | 2001057186 | 2001057186 | 315书库/四4架A面2层4列/ [索取号:C96/16] | 在馆 | |
| 5 | 2001057187 | 2001057187 | 315书库/四4架A面2层4列/ [索取号:C96/16] | 在馆 | |
| 6 | 2001057188 | 2001057188 | 315书库/四4架A面2层4列/ [索取号:C96/16] | 在馆 |